[Event "9th BPB Limburg Open 2015"]
[Site "Maastricht NED"]
[Date "2015.05.22"]
[Round "1.5"]
[White "Driessens, Patrick"]
[Black "Dragun, Kamil"]
[Result "1/2-1/2"]
[WhiteTitle "FM"]
[BlackTitle "GM"]
[WhiteElo "2278"]
[BlackElo "2580"]
[WhiteFideId "204382"]
[BlackFideId "1134167"]
[EventDate "2015.05.22"]

1. d4 Nf6 2. c4 e6 3. Nf3 d5 4. e3 b6 5. Bd3 Bb7 6. O-O Bd6 7. b3 O-O 8. Bb2
dxc4 9. Bxc4 Nbd7 10. Qe2 Ne4 11. Nc3 Ndf6 12. Ba6 Qc8 13. Bxb7 Qxb7 14. Rac1 a5
15. a3 Nxc3 16. Rxc3 Ne4 17. Rcc1 Qd5 18. Qc2 f5 19. Qc4 f4 20. Qxd5 exd5 21.
exf4 Rxf4 22. Rc2 Raf8 23. Ne1 Ng5 24. Bc1 R4f5 25. Nd3 Ne6 26. Bb2 Rh5 27. g3
Rf3 28. Rd1 Ng5 29. Kg2 Rf6 30. f4 Ne4 31. Nf2 Nxf2 32. Rxf2 g5 33. f5 g4 34.
Rdf1 Rfh6 35. Rh1 Rh3 36. Bc1 R6h5 37. Bf4 Rxf5 38. Bxd6 Rxf2+ 39. Kxf2 cxd6 40.
Ke3 Rh6 41. Kf4 Re6 42. Kxg4 Re3 43. Rb1 Rd3 44. Kf5 Kf7 45. a4 Rf3+ 46. Kg5 Rd3
47. Kf5 Rf3+ 48. Kg5 Rd3 49. Kf5 1/2-1/2

[Event "9th BPB Limburg Open 2015"]
[Site "Maastricht NED"]
[Date "2015.05.22"]
[Round "1.6"]
[White "Bok, Benjamin"]
[Black "Warmerdam, Max"]
[Result "1-0"]
[WhiteTitle "GM"]
[WhiteElo "2554"]
[BlackElo "2278"]
[WhiteFideId "1017063"]
[BlackFideId "1048104"]
[EventDate "2015.05.22"]

1. e4 e5 2. Nf3 Nc6 3. Bb5 a6 4. Ba4 Nf6 5. O-O Be7 6. d3 b5 7. Bb3 d6 8. a3 O-O
9. Nc3 Bg4 10. Be3 Nd4 11. Bxd4 exd4 12. Nd5 c5 13. h3 Be6 14. Nf4 d5 15. exd5
Bxd5 16. Nxd5 Nxd5 17. Ne5 Bf6 18. Qh5 c4 19. dxc4 Nf4 20. Qf5 Qc7 21. Rfe1 bxc4
22. Nxc4 d3 23. cxd3 Rab8 24. Ba4 Rbd8 25. Ne5 Rd4 26. b4 Qc3 27. Nd7 Nxd3 28.
Nxf8 Nxe1 29. Qxh7+ Kxf8 30. Qh8+ Ke7 31. Qe8+ Kd6 32. Rxe1 Qc7 33. Qf8+ Be7 34.
Qxf7 Qd8 35. Re6+ Kd5 1-0

[Event "9th BPB Limburg Open 2015"]
[Site "Maastricht NED"]
[Date "2015.05.22"]
[Round "1.7"]
[White "Van Veen, Oscar"]
[Black "Ernst, Sipke"]
[Result "0-1"]
[WhiteTitle "FM"]
[BlackTitle "GM"]
[WhiteElo "2265"]
[BlackElo "2523"]
[WhiteFideId "1012681"]
[BlackFideId "1004689"]
[EventDate "2015.05.22"]

1. e4 e5 2. Nf3 Nc6 3. d4 exd4 4. Nxd4 Nf6 5. Nxc6 bxc6 6. e5 Qe7 7. Qe2 Nd5 8.
c4 Ba6 9. b3 g6 10. f4 d6 11. Qd2 Nf6 12. Qa5 Bb7 13. Be2 dxe5 14. Ba3 c5 15.
O-O O-O-O 16. Nc3 a6 17. Rae1 e4 18. Na4 Nd7 19. Rd1 f5 20. Rd5 Qe6 21. Rfd1 Bd6
22. Bc1 Rhf8 23. Be3 g5 24. g3 gxf4 25. Rxd6 cxd6 26. Bxf4 Ne5 27. Nb6+ Kb8 28.
Nd5 Qc8 29. b4 cxb4 30. Qxb4 Rfe8 31. Be3 Qc6 32. Rb1 f4 33. gxf4 Nd3 34. Qc3
Rg8+ 35. Kh1 Rd7 36. Bxd3 exd3 37. Qd4 Kc8 38. Qxd3 Re7 39. Rg1 Qe8 40. Bf2
Rxg1+ 41. Kxg1 Bxd5 42. Qxd5 Qg6+ 0-1

[Event "9th BPB Limburg Open 2015"]
[Site "Maastricht NED"]
[Date "2015.05.23"]
[Round "2.4"]
[White "Goudriaan, Etienne"]
[Black "Van Foreest, Jorden"]
[Result "0-1"]
[WhiteTitle "IM"]
[BlackTitle "IM"]
[WhiteElo "2372"]
[BlackElo "2519"]
[WhiteFideId "1021150"]
[BlackFideId "1039784"]
[EventDate "2015.05.22"]

1. e4 c5 2. Nf3 e6 3. g3 d5 4. exd5 exd5 5. d4 Nc6 6. Bg2 Bg4 7. O-O Nxd4 8.
Qe1+ Be6 9. Nxd4 cxd4 10. Qe5 Nf6 11. Qxd4 Be7 12. Bd2 Qc7 13. Bb4 Bxb4 14. Qxb4
a5 15. Qa3 b5 16. c3 Ne4 17. Re1 f5 18. Nd2 Qb6 19. Re2 Kf7 20. Nf3 Rhc8 21. h4
h6 22. Nd4 Rc4 23. Kh2 b4 24. Qb3 a4 25. Qd1 bxc3 26. Nxe6 Qxe6 27. bxc3 f4 28.
gxf4 Qf5 29. Bxe4 dxe4 30. Qd2 Kg8 31. Rg1 Rf8 32. Rg3 Qxf4 33. Qd5+ Qf7 34. Qe5
e3 35. Rgxe3 Rxh4+ 36. Kg1 Kh8 37. Qg3 Qc4 38. f3 Rhf4 39. Rg2 R4f7 40. Qe5 a3
41. Re4 Qc7 42. Qxc7 Rxc7 43. Re3 Ra8 44. Rc2 Rc4 45. Kf2 Rb8 46. Ke2 Rh4 47. c4
Rb2 48. Kd3 Rxc2 49. Kxc2 Rxc4+ 50. Kb3 Rf4 51. Kxa3 h5 52. Kb3 h4 53. a4 h3 54.
a5 h2 55. Re1 Rxf3+ 56. Kb4 Rf2 57. a6 Ra2 58. Rh1 g5 59. a7 Kg7 60. Rxh2 Rxa7
61. Kc5 Rd7 62. Rg2 Kg6 63. Rg1 Kf5 64. Rf1+ Ke4 65. Rg1 Kf4 66. Rf1+ Ke3 67.
Rg1 Rg7 0-1

[Event "9th BPB Limburg Open 2015"]
[Site "Maastricht NED"]
[Date "2015.05.23"]
[Round "2.10"]
[White "Decoster, Frederic"]
[Black "Miedema, David"]
[Result "0-1"]
[WhiteTitle "FM"]
[BlackTitle "IM"]
[WhiteElo "2303"]
[BlackElo "2348"]
[WhiteFideId "204269"]
[BlackFideId "1018477"]
[EventDate "2015.05.22"]

1. e4 e6 2. d4 d5 3. Nc3 Bb4 4. e5 c5 5. a3 Bxc3+ 6. bxc3 Ne7 7. h4 Nbc6 8. h5
Qa5 9. Bd2 Bd7 10. h6 gxh6 11. Nf3 O-O-O 12. a4 c4 13. Bxh6 Nf5 14. Bd2 Rdg8 15.
g3 f6 16. exf6 Rg6 17. f7 Rf6 18. Bg2 Rxf7 19. Qe2 Rg8 20. Ne5 Nxe5 21. Qxe5 Ne7
22. O-O Ng6 23. Qd6 Qc7 24. Qxc7+ Kxc7 25. Rfe1 a5 26. Bh3 Nh4 27. Bg2 Ng6 28.
Bh3 Re7 29. Bg5 Ree8 30. Bf6 Rgf8 31. Bg5 Kd6 32. Bg4 e5 33. Bxd7 Kxd7 34. Be3
e4 35. Rab1 Kc6 36. Kg2 h5 37. Rh1 Rh8 38. Rh2 h4 39. Rf1 Ref8 40. g4 Rf3 41.
Rfh1 Rhf8 42. g5 R8f5 43. Rxh4 Nxh4+ 44. Rxh4 Rf7 45. Rh6+ Kc7 46. Rh1 Rg7 47.
Kf1 b5 48. axb5 Kb6 49. Ke2 a4 50. Kd2 Kxb5 51. Kc1 a3 52. Kb1 Ka4 53. Ka1 Rxe3
54. fxe3 Rxg5 55. Rh8 Rg2 56. Ra8+ Kb5 57. Kb1 Rg1+ 58. Ka2 Rc1 59. Rxa3 Rxc2+
60. Kb1 Re2 61. Ra8 Rxe3 62. Rc8 Ka4 63. Kc2 Re2+ 64. Kd1 Rh2 65. Rb8 e3 66. Re8
Rd2+ 67. Kc1 Kb3 68. Rxe3 Rc2+ 0-1

[Event "9th BPB Limburg Open 2015"]
[Site "Maastricht NED"]
[Date "2015.05.23"]
[Round "2.12"]
[White "Huesmann, Thomas"]
[Black "Socko, Bartosz"]
[Result "0-1"]
[WhiteTitle "FM"]
[BlackTitle "GM"]
[WhiteElo "2224"]
[BlackElo "2613"]
[WhiteFideId "200441"]
[BlackFideId "1107038"]
[EventDate "2015.05.22"]

1. e4 c5 2. Nf3 d6 3. d4 cxd4 4. Nxd4 Nf6 5. f3 e5 6. Nb3 a5 7. a4 Be7 8. c4 O-O
9. Be3 Nc6 10. Be2 Nh5 11. O-O f5 12. Nc3 f4 13. Bf2 Bh4 14. Qe1 Bxf2+ 15. Qxf2
Be6 16. Rfd1 Rf6 17. Nb5 Bf7 18. Rd2 Qe7 19. Rad1 Rd8 20. Bf1 Rh6 21. Nc1 Nb4
22. b3 Na6 23. Nd3 Be8 24. Nc3 Qg5 25. Nd5 Ng3 26. h3 Nb8 27. Ne1 Nc6 28. Nc2
Bh5 29. Nc3 Bf7 30. Kh2 Qe7 31. Ne2 Nh5 32. Nc3 Ng3 33. Ne2 Rg6 34. Kg1 Nh5 35.
Nc3 Be6 36. Kh2 Ng3 37. Nd5 Qh4 38. Nc7 Bc8 39. c5 Nxf1+ 40. Qxf1 dxc5 41. Qc4+
Kh8 42. Qxc5 Nd4 43. Nxd4 Bxh3 44. Kg1 exd4 45. Qb5 Bxg2 46. Rxg2 Rxg2+ 47. Kxg2
Qg3+ 48. Kf1 Qxf3+ 49. Ke1 d3 0-1

[Event "9th BPB Limburg Open 2015"]
[Site "Maastricht NED"]
[Date "2015.05.23"]
[Round "3.4"]
[White "Van Eetvelde, Ward"]
[Black "Dragun, Kamil"]
[Result "0-1"]
[BlackTitle "GM"]
[WhiteElo "2102"]
[BlackElo "2580"]
[WhiteFideId "207080"]
[BlackFideId "1134167"]
[EventDate "2015.05.22"]

1. d4 Nf6 2. Nf3 e6 3. g3 b6 4. Bg2 Bb7 5. O-O g6 6. Bg5 Bg7 7. Re1 h6 8. Bc1
O-O 9. Nbd2 d5 10. Ne5 c5 11. e3 Nc6 12. f4 cxd4 13. Nxc6 Bxc6 14. exd4 Ne4 15.
Bxe4 Bxd4+ 16. Kf1 dxe4 17. Nxe4 Qd5 18. c3 Qb5+ 19. Qe2 Qf5 20. g4 Qa5 21. Bd2
Bg7 22. c4 Qa6 23. Bc3 Bxe4 24. Bxg7 Bf3 25. Qe5 Qxc4+ 26. Kf2 Bxg4 27. Bxf8
Rxf8 28. Rac1 Qd3 29. Qe3 Qd5 30. Kg3 Qh5 31. h4 Rd8 32. Rc3 Bd1 33. Qf2 Qd5 34.
Ree3 Qf5 35. Re1 Rd5 36. Kg2 Qf6 37. Kg3 Kg7 38. Qe3 Qd8 39. b3 Kh7 40. Rh1 Rd2
41. Qe4 Rd4 42. Qe3 Qd5 43. Rh2 Bh5 44. Qe5 Rd3+ 45. Rxd3 Qxd3+ 46. Kf2 Qf3+ 47.
Kg1 Qg3+ 48. Rg2 Qxh4 49. Qe3 Qf6 50. Rc2 Qd8 51. Qd2 Qh4 52. Qe3 Qg4+ 53. Kh2
g5 54. fxg5 hxg5 55. Rc7 Qh4+ 56. Kg1 Bg6 57. Rxa7 g4 58. Ra4 Bf5 59. Qe5 Qg5
60. Ra8 Qc1+ 61. Kf2 Qc2+ 62. Kg1 Qc1+ 63. Kf2 Qd2+ 64. Kg1 Qd1+ 65. Kf2 Qf3+
66. Kg1 Qd1+ 67. Kh2 f6 68. Qc7+ 0-1

[Event "9th BPB Limburg Open 2015"]
[Site "Maastricht NED"]
[Date "2015.05.23"]
[Round "3.6"]
[White "Heinert, Eugen"]
[Black "Ernst, Sipke"]
[Result "0-1"]
[BlackTitle "GM"]
[WhiteElo "2154"]
[BlackElo "2523"]
[WhiteFideId "24621390"]
[BlackFideId "1004689"]
[EventDate "2015.05.22"]

1. d4 Nf6 2. c4 e6 3. Nf3 Bb4+ 4. Nbd2 d5 5. a3 Be7 6. e3 b6 7. b3 Bb7 8. Bd3
Nbd7 9. Bb2 O-O 10. O-O c5 11. Qe2 cxd4 12. exd4 Rc8 13. Ne5 dxc4 14. bxc4 Nxe5
15. dxe5 Nd7 16. f4 Nc5 17. Bc2 f5 18. exf6 Bxf6 19. Be5 Bxe5 20. fxe5 Qh4 21.
Rad1 Rcd8 22. Rxf8+ Rxf8 23. Nf1 Qf4 24. Ng3 Ba6 25. Nh5 Qh4 26. Ng3 Bxc4 27.
Qh5 Qxh5 28. Nxh5 0-1

[Event "9th BPB Limburg Open 2015"]
[Site "Maastricht NED"]
[Date "2015.05.23"]
[Round "3.7"]
[White "Lombaers, Peter"]
[Black "Johannessen, Leif Erlend"]
[Result "0-1"]
[WhiteTitle "FM"]
[BlackTitle "GM"]
[WhiteElo "2371"]
[BlackElo "2515"]
[WhiteFideId "1032852"]
[BlackFideId "1501674"]
[EventDate "2015.05.22"]

1. e4 e5 2. Nf3 Nc6 3. Bb5 a6 4. Ba4 Nge7 5. d3 g6 6. Nbd2 Bg7 7. c3 O-O 8. O-O
h6 9. Re1 d6 10. Nf1 f5 11. Bb3+ Kh7 12. exf5 Nxf5 13. a4 Qf6 14. Qe2 Be6 15.
Bxe6 Qxe6 16. a5 Rae8 17. Ra4 Qd7 18. Qc2 d5 19. Ne3 Nxe3 20. Bxe3 d4 21. Bd2
dxc3 22. Bxc3 Nd4 23. Bxd4 exd4 24. Raa1 c6 25. Qd2 Qd5 26. Qb4 Qf7 27. h3 Qd7
28. Nd2 Bf6 29. Ne4 Be7 30. Qc4 Rf5 31. Re2 Ref8 32. Qa2 Bb4 33. Qb3 Rb5 34. Qc4
Rff5 35. Ra4 Be7 36. Qxd4 Rbd5 37. Qc4 Rxd3 38. Ng3 Rfd5 39. Qe4 Bf6 40. Qf4
Rd1+ 41. Kh2 Kg7 42. Rae4 R1d4 43. b4 Qd6 44. Qxd6 Rxd6 45. f4 Rxe4 46. Rxe4 h5
47. Ne2 Kf7 48. Kg3 Rd3+ 49. Kf2 Rb3 50. Nc1 Rc3 51. Ne2 Ra3 52. Nd4 Ra2+ 53.
Kf3 Rb2 54. Ne6 Rb3+ 55. Kf2 Be7 56. g3 Rxb4 57. Ng5+ Ke8 58. Re6 h4 59. Rxg6
Bc5+ 60. Kf3 Rb3+ 61. Ke4 hxg3 62. Ne6 Kf7 63. Kf5 Be7 64. Rg7+ Ke8 65. Nd4 Re3
66. Ne6 Kd7 67. Nc5+ Kd6 68. Ne4+ Kd7 69. Nxg3 c5 70. Ne4 c4 71. h4 c3 72. h5 c2
73. Rg1 Ba3 74. h6 c1=Q 75. Nf6+ Kc6 76. Rxc1+ Bxc1 77. h7 Rh3 78. Kg4 Rh6 79.
Kg5 Bxf4+ 80. Kxf4 Rxf6+ 81. Kg5 Rf8 82. Kg6 b5 0-1

[Event "9th BPB Limburg Open 2015"]
[Site "Maastricht NED"]
[Date "2015.05.24"]
[Round "4.3"]
[White "Kampman, Tijmen"]
[Black "Bok, Benjamin"]
[Result "0-1"]
[BlackTitle "GM"]
[WhiteElo "2076"]
[BlackElo "2554"]
[WhiteFideId "1009079"]
[BlackFideId "1017063"]
[EventDate "2015.05.22"]

1. c4 g6 2. Nc3 c5 3. g3 Bg7 4. Bg2 Nc6 5. d3 d6 6. a3 e6 7. e4 Nge7 8. Nge2 b6
9. Be3 Bb7 10. O-O Nd4 11. Rb1 Qd7 12. b4 O-O 13. Qd2 Rac8 14. Nf4 h6 15. h4 Kh7
16. h5 g5 17. Nfe2 f5 18. f4 g4 19. Bxd4 cxd4 20. Nb5 fxe4 21. Nbxd4 d5 22. cxd5
exd5 23. dxe4 dxe4 24. Qe3 Nf5 25. Nxf5 Qxf5 26. Rbd1 Rfd8 27. Rfe1 Kh8 28. Nc3
Rxd1 29. Nxd1 Rc4 30. Qe2 Bd4+ 31. Kf1 Rc1 32. Nf2 Rxe1+ 33. Kxe1 e3 34. Nd1
Bxg2 35. Qxg2 Qxh5 36. Qa8+ Kg7 37. Qb7+ Qf7 38. Qe4 Qc4 39. Qe7+ Qf7 40. Qe4
Qf6 41. Nxe3 Bxe3 42. Qxe3 Qa1+ 43. Kf2 Kf6 44. Kg2 Qa2+ 45. Kg1 Qb1+ 46. Kf2
Qc2+ 47. Kg1 Kf7 48. Kf1 h5 49. Kg1 Qd1+ 50. Kf2 Qc2+ 51. Kg1 Kf8 52. Kh1 Qb1+
53. Kg2 Kf7 54. Kf2 Qc2+ 55. Kg1 Qd1+ 56. Kg2 Qd5+ 57. Kg1 Kf6 58. Kh2 Kf5 59.
Kg1 Kf6 60. Kh2 Kf7 61. Kg1 Qc6 62. Kh2 Kg6 63. Qd3+ Kh6 64. Qe3 Qc2+ 65. Kg1
Qb1+ 66. Kh2 Qb2+ 67. Kg1 Qf6 68. Kg2 Kg7 69. Qd3 Kh6 70. Qe3 Kg6 71. Qd3+ Kg7
72. Qd7+ Kh6 73. Qd3 h4 74. gxh4 Qxf4 75. Qd5 Qe3 76. Qf5 Qh3+ 77. Kg1 Qxh4 78.
Qf8+ Kg6 79. Qe8+ Kf5 80. Qf7+ Qf6 81. Qxa7 Qd4+ 82. Kf1 Ke4 83. Qh7+ Kf3 84.
Qf5+ Kg3 85. b5 Qd1# 0-1

[Event "9th BPB Limburg Open 2015"]
[Site "Maastricht NED"]
[Date "2015.05.24"]
[Round "4.6"]
[White "Perrenet, Jacob"]
[Black "Shkapenko, Pavel"]
[Result "0-1"]
[BlackTitle "IM"]
[WhiteElo "2078"]
[BlackElo "2422"]
[WhiteFideId "1022946"]
[BlackFideId "4151933"]
[EventDate "2015.05.22"]

1. Nc3 Nf6 2. g4 Nxg4 3. e4 d6 4. Be2 Nf6 5. d4 c6 6. f4 Qa5 7. Bd2 Qb6 8. e5
Nd5 9. exd6 exd6 10. Nxd5 cxd5 11. Bc1 Be7 12. Nf3 Nc6 13. Rg1 Bf6 14. c3 Bf5
15. Qb3 Qxb3 16. axb3 O-O 17. Be3 Rfe8 18. Kd2 Re7 19. Rge1 Rae8 20. Bd1 a6 21.
b4 h6 22. Bb3 Be4 23. Rf1 Nb8 24. Ra5 Nd7 25. Bd1 Nb6 26. b3 Rc7 27. Be2 Bf5 28.
Bf2 Rxe2+ 29. Kxe2 Rxc3 30. Be3 0-1

[Event "9th BPB Limburg Open 2015"]
[Site "Maastricht NED"]
[Date "2015.05.24"]
[Round "4.7"]
[White "Hulshof, Peter"]
[Black "Bauer, Christian"]
[Result "0-1"]
[BlackTitle "GM"]
[WhiteElo "2154"]
[BlackElo "2624"]
[WhiteFideId "1003291"]
[BlackFideId "603767"]
[EventDate "2015.05.22"]

1. e4 c5 2. Nc3 Nc6 3. g3 g6 4. Bg2 Bg7 5. d3 d6 6. f4 e5 7. Nh3 Nge7 8. O-O O-O
9. f5 gxf5 10. exf5 f6 11. g4 d5 12. Ne2 Qd6 13. c3 Bd7 14. Ng3 h6 15. Nh5 Be8
16. Nxg7 Kxg7 17. Qd2 Rh8 18. Qf2 Bf7 19. Bd2 Rag8 20. Rae1 Kf8 21. Qh4 Ke8 22.
Kh1 Kd7 23. Ng1 Kc8 24. Ne2 Nb8 25. Nf4 h5 26. Nxh5 Nd7 27. d4 Nc6 28. dxe5
Ncxe5 29. Bf4 d4 30. cxd4 cxd4 31. Qxf6 Nxf6 32. Bxe5 Qxe5 33. Rxe5 Nxg4 34.
Rc1+ Kd8 35. Rec5 Rxh5 36. Rc8+ Ke7 37. R8c7+ Kd6 38. Rxf7 Rxh2+ 39. Kg1 Rxg2+
40. Kxg2 Ne5+ 0-1

[Event "9th BPB Limburg Open 2015"]
[Site "Maastricht NED"]
[Date "2015.05.24"]
[Round "4.8"]
[White "Fedorchuk, Sergey A."]
[Black "Zult, Daan"]
[Result "1-0"]
[WhiteTitle "GM"]
[WhiteElo "2657"]
[BlackElo "2237"]
[WhiteFideId "14102536"]
[BlackFideId "1005510"]
[EventDate "2015.05.22"]

1. e4 e5 2. Nf3 Nc6 3. Bb5 a6 4. Ba4 Nf6 5. O-O Be7 6. Re1 b5 7. Bb3 d6 8. c3
O-O 9. h3 Re8 10. d4 Bf8 11. Nbd2 Bb7 12. a3 h6 13. d5 Nb8 14. Nh2 Nbd7 15. Qf3
Nh7 16. Ndf1 g6 17. Ng4 Qh4 18. a4 Ng5 19. Qe2 Nxe4 20. Qxe4 f5 21. Qc2 fxg4 22.
Qxg6+ Bg7 23. Ng3 Rf8 24. Bc2 Rf6 25. Qh7+ Kf7 26. Nf5 Rg8 27. Nxh4 1-0

[Event "9th BPB Limburg Open 2015"]
[Site "Maastricht NED"]
[Date "2015.05.24"]
[Round "5.2"]
[White "Leenhouts, Koen"]
[Black "Janssen, Ruud"]
[Result "0-1"]
[WhiteTitle "IM"]
[BlackTitle "GM"]
[WhiteElo "2400"]
[BlackElo "2464"]
[WhiteFideId "1008439"]
[BlackFideId "1004816"]
[EventDate "2015.05.22"]

1. d4 Nf6 2. c4 e6 3. Nc3 Bb4 4. e3 b6 5. Ne2 Ba6 6. Ng3 c5 7. d5 O-O 8. e4 Re8
9. d6 Bb7 10. Bd3 Nc6 11. O-O Bxc3 12. bxc3 Ne5 13. Bc2 Nxc4 14. Re1 Ne5 15. f4
Ng6 16. c4 e5 17. f5 Nf8 18. Nh1 h6 19. Nf2 a6 20. h4 b5 21. Bb3 b4 22. Re3 a5
23. g4 N6h7 24. Rh3 Ra6 25. Be3 Qb6 26. g5 Qxd6 27. Qg4 Kh8 28. Rd1 Qe7 29. Rg3
g6 30. gxh6 Nf6 31. Qf3 a4 32. Bc2 Rd6 33. Bxc5 Rxd1+ 34. Bxd1 d6 35. Bxb4 Nh5
36. Rg5 Nf4 37. Nd3 Nh7 38. Nxf4 Nxg5 39. Qg4 exf4 40. Bc3+ Kh7 41. fxg6+ fxg6
42. hxg5 Qxe4 43. Bf3 Qe3+ 44. Kh2 0-1

[Event "9th BPB Limburg Open 2015"]
[Site "Maastricht NED"]
[Date "2015.05.24"]
[Round "5.4"]
[White "Bauer, Christian"]
[Black "Van Foreest, Jorden"]
[Result "0-1"]
[WhiteTitle "GM"]
[BlackTitle "IM"]
[WhiteElo "2624"]
[BlackElo "2519"]
[WhiteFideId "603767"]
[BlackFideId "1039784"]
[EventDate "2015.05.22"]

1. b3 e5 2. Bb2 Nc6 3. e3 Nf6 4. c4 g6 5. Nf3 Qe7 6. d3 Bg7 7. Nc3 O-O 8. Be2
Rd8 9. e4 Nd4 10. O-O c6 11. Re1 Nxe2+ 12. Qxe2 d6 13. h3 Nh5 14. Qe3 Nf4 15.
Ne2 g5 16. d4 h5 17. Nh2 Be6 18. Rad1 Qf6 19. Nxf4 gxf4 20. Qe2 Qg6 21. Kh1 f6
22. Rg1 h4 23. g3 hxg3 24. fxg3 f3 25. Qxf3 d5 26. g4 dxe4 27. Qe2 b5 28. dxe5
fxe5 29. cxb5 Rd3 30. bxc6 Bd5 31. Rg2 Bxc6 32. Kg1 Rad8 33. Rf1 Bb7 34. Bc1
Rxh3 35. Qc4+ Bd5 36. Qc7 Re8 37. Qxa7 e3 38. Qa4 Ra8 39. Qb4 Bxg2 40. Kxg2 0-1

[Event "9th BPB Limburg Open 2015"]
[Site "Maastricht NED"]
[Date "2015.05.24"]
[Round "5.6"]
[White "Burg, Twan"]
[Black "Dragun, Kamil"]
[Result "1/2-1/2"]
[WhiteTitle "IM"]
[BlackTitle "GM"]
[WhiteElo "2507"]
[BlackElo "2580"]
[WhiteFideId "1010697"]
[BlackFideId "1134167"]
[EventDate "2015.05.22"]

1. e4 c6 2. d4 d5 3. e5 Bf5 4. Nf3 e6 5. Be2 Nd7 6. O-O Ne7 7. Nbd2 h6 8. a4 g5
9. a5 Bg7 10. c4 O-O 11. Nb3 dxc4 12. Bxc4 Nd5 13. Re1 Qe7 14. Bd3 Bxd3 15. Qxd3
Rac8 16. h3 c5 17. Nxc5 Nxc5 18. dxc5 Qxc5 19. Ra4 Qc2 20. Qxc2 Rxc2 21. h4 Rfc8
22. Bd2 gxh4 23. Rxh4 R8c4 24. Rxc4 Rxc4 25. Rc1 Rxc1+ 26. Bxc1 Nb4 27. Bd2 Nc6
28. Bc3 Kh7 29. Kh2 Bf8 30. Kg3 Kg6 31. Nd2 Bg7 32. Nc4 f6 33. f4 fxe5 34. fxe5
b5 35. axb6 axb6 36. Nxb6 Bxe5+ 37. Bxe5 Nxe5 38. Na4 Nd3 39. Kf3 Kf5 40. b3 h5
41. Nc3 Ke5 1/2-1/2

[Event "9th BPB Limburg Open 2015"]
[Site "Maastricht NED"]
[Date "2015.05.24"]
[Round "5.7"]
[White "Johannessen, Leif Erlend"]
[Black "Miedema, David"]
[Result "1-0"]
[WhiteTitle "GM"]
[BlackTitle "IM"]
[WhiteElo "2515"]
[BlackElo "2348"]
[WhiteFideId "1501674"]
[BlackFideId "1018477"]
[EventDate "2015.05.22"]

1. d4 Nf6 2. c4 g6 3. Nf3 Bg7 4. g3 O-O 5. Bg2 d6 6. O-O Nbd7 7. Qc2 c5 8. Rd1
a6 9. Nc3 Rb8 10. e4 b5 11. e5 Ne8 12. dxc5 Nxc5 13. b4 Bf5 14. Qe2 Nd7 15. cxb5
axb5 16. Bf4 Bg4 17. exd6 Nxd6 18. Rac1 Re8 19. h3 Bxf3 20. Bxf3 e5 21. Be3 Nf5
22. Ba7 Nd4 23. Qd3 Rc8 24. Nxb5 Rxc1 25. Rxc1 e4 26. Bxe4 Nxb5 27. Qxb5 Rxe4
28. Rd1 Bc3 29. Rxd7 Qa8 30. Rb7 Rxb4 31. Rb8+ Qxb8 32. Qxb8+ Rxb8 33. Bxb8 Bb4
34. Kf1 Kf8 35. Ke2 Ke7 36. Kd3 Bc5 37. f3 Kd7 38. a4 Kc6 39. Kc4 Bb6 40. Be5 h5
41. g4 hxg4 42. hxg4 f5 43. Bc3 fxg4 44. fxg4 Bd8 45. Kd4 Bc7 46. Ke4 Kc5 47. a5
Kc6 48. a6 Bg3 49. Be5 Bh4 50. Bd4 Bg3 51. Be3 Bc7 52. a7 Kb7 53. Kd5 1-0

[Event "9th BPB Limburg Open 2015"]
[Site "Maastricht NED"]
[Date "2015.05.25"]
[Round "6.2"]
[White "Decoster, Frederic"]
[Black "L'Ami, Erwin"]
[Result "1/2-1/2"]
[WhiteTitle "FM"]
[BlackTitle "GM"]
[WhiteElo "2303"]
[BlackElo "2635"]
[WhiteFideId "204269"]
[BlackFideId "1007998"]
[EventDate "2015.05.22"]

1. e4 e5 2. Nf3 Nc6 3. Bb5 Nf6 4. d3 Bc5 5. Bxc6 dxc6 6. h3 Be6 7. O-O Nd7 8.
Be3 Be7 9. Nbd2 O-O 10. Nc4 Bf6 11. b3 Re8 12. Qd2 b6 13. Rad1 a5 14. a4 Qc8 15.
Qc3 c5 16. Ng5 Bxg5 17. Bxg5 Bxc4 18. Qxc4 Nf8 19. Be3 Ne6 20. f4 exf4 21. Bxf4
Qd7 22. Rf2 c6 23. Rdf1 Re7 24. Be3 Rd8 25. Qc3 Qd6 26. Bf4 Qd4 27. Be5 Qxc3 28.
Bxc3 Ra7 29. Ra1 Rda8 30. Kf1 Kf8 31. Ke2 Ke8 32. Kd2 Rd8 33. Ke3 Re7 34. Raf1
Rdd7 35. Rf5 Kd8 36. R5f2 Kc8 37. Kd2 Kb7 38. Ke3 f6 39. Rf5 Ka6 40. Ra1 Ng5 41.
Raf1 Re8 42. R5f4 h6 43. Ra1 Rde7 44. Kd2 Nf7 45. Kc1 Nd6 46. Kb2 Kb7 47. g4 Rh8
48. Rg1 Ka6 49. Rff1 Nf7 50. h4 Kb7 51. Rf5 Ra8 52. Bd2 Nd6 53. Rff1 Re6 54. Bf4
Nf7 55. Be3 Nd6 56. Bf4 Nf7 57. Be3 Nh8 58. Rh1 Ng6 59. Rf5 Rh8 60. Bd2 Kc7 61.
h5 Ne7 62. Rf2 Kd7 63. Bc3 Nc8 64. Bd2 Nd6 65. Bf4 Nf7 66. Rhf1 Ra8 67. Rg2 Re7
68. Ra1 Ke6 69. Re1 Kd7 70. Kc3 b5 71. Ra1 Nd8 72. Be3 Ne6 73. Rgg1 Kd6 74. Rgf1
Rb7 75. Bf4+ Kd7 76. Be3 Kc7 77. Rf5 Kd6 78. Bf4+ Kd7 79. Be3 Kd6 80. Bf4+ Kd7
81. Be3 1/2-1/2

[Event "9th BPB Limburg Open 2015"]
[Site "Maastricht NED"]
[Date "2015.05.25"]
[Round "6.3"]
[White "Bok, Benjamin"]
[Black "Johannessen, Leif Erlend"]
[Result "1-0"]
[WhiteTitle "GM"]
[BlackTitle "GM"]
[WhiteElo "2554"]
[BlackElo "2515"]
[WhiteFideId "1017063"]
[BlackFideId "1501674"]
[EventDate "2015.05.22"]

1. e4 e6 2. d4 d5 3. Nd2 c5 4. exd5 exd5 5. Ngf3 Nc6 6. Bb5 Bd6 7. dxc5 Bxc5 8.
O-O Ne7 9. Nb3 Bd6 10. Re1 O-O 11. Bd3 Nb4 12. Bg5 Nxd3 13. Qxd3 f6 14. Bh4 Bf5
15. Qd2 Rc8 16. Nfd4 Bd7 17. Bg3 Bxg3 18. hxg3 Ng6 19. c3 Kh8 20. Nf3 Bg4 21.
Nh2 Bf5 22. g4 Bd7 23. Qxd5 Ne5 24. Rad1 Qc7 25. Qd6 Ba4 26. Qxc7 Rxc7 27. Rd2
h6 28. f3 Rfc8 29. Nf1 Be8 30. Nd4 b5 31. Ne3 a5 32. Ndf5 b4 33. cxb4 axb4 34.
Nd6 Rc1 35. Nxc8 Rxe1+ 36. Kf2 Rxe3 37. Kxe3 Nc4+ 38. Ke2 Nxd2 39. Kxd2 h5 40.
Nd6 Bg6 41. gxh5 Bxh5 42. a4 bxa3 43. bxa3 1-0

[Event "9th BPB Limburg Open 2015"]
[Site "Maastricht NED"]
[Date "2015.05.25"]
[Round "6.5"]
[White "Dambacher, Martijn"]
[Black "Shkapenko, Pavel"]
[Result "1/2-1/2"]
[WhiteTitle "GM"]
[BlackTitle "IM"]
[WhiteElo "2483"]
[BlackElo "2422"]
[WhiteFideId "1005030"]
[BlackFideId "4151933"]
[EventDate "2015.05.22"]

1. d4 Nf6 2. c4 e6 3. Nf3 Bb4+ 4. Nbd2 O-O 5. a3 Be7 6. e4 d6 7. Bd3 c5 8. d5 a6
9. h3 Nbd7 10. Qc2 Re8 11. dxe6 fxe6 12. e5 dxe5 13. b3 e4 14. Nxe4 Nxe4 15.
Bxe4 Nf6 16. Bb2 Nxe4 17. Qxe4 Qa5+ 18. Ke2 Qb6 19. Rhd1 e5 20. Kf1 Qg6 21. Qxg6
hxg6 22. Nxe5 Bf5 23. g4 Bc2 24. Rd7 Bf6 25. Rc1 Be4 26. f4 Rad8 27. Rxd8 Rxd8
28. Ke2 g5 29. Ke3 Bg2 30. Rg1 Bxh3 31. f5 b5 32. Nd3 bxc4 33. bxc4 Bxb2 34.
Nxb2 Rd4 35. Nd3 Bxg4 36. Nxc5 Rxc4 37. Nxa6 Bxf5 38. Rxg5 Bc8 39. Ra5 Kf7 1/2-1/2